| 000 | 01759cam a2200409 a 4500 | ||
|---|---|---|---|
| 999 |
_c2311 _d2311 |
||
| 001 | 15762447 | ||
| 003 | GZU | ||
| 005 | 20201028132311.0 | ||
| 008 | 090604s2010 enk b 001 0 eng | ||
| 010 | _a 2009022508 | ||
| 015 |
_aGBA984038 _2bnb |
||
| 016 | 7 |
_a015356805 _2Uk |
|
| 020 | _a9780415496162 (hardback) | ||
| 020 | _a0415496160 (hardback) | ||
| 020 | _a9780415496179 (pbk.) | ||
| 020 | _a0415496179 (pbk.) | ||
| 035 | _a(OCoLC)ocn383824136 | ||
| 040 |
_aDLC _cDLC _dBTCTA _dBWKUK _dUKM _dYDXCP _dBWX _dCDX _dMNW _dDEBBG _dDLC |
||
| 050 | 0 | 0 |
_aHM756 _bDEL 2009 |
| 082 | 0 | 0 |
_a307 _222 |
| 084 |
_aMS 1090 _2rvk |
||
| 100 | 1 | _aDelanty, Gerard. | |
| 245 | 1 | 0 |
_aCommunity / _cGerard Delanty. |
| 250 | _a2nd ed. | ||
| 260 |
_aLondon ; _aNew York : _bRoutledge, _c2010. |
||
| 300 |
_axv, 188 p. ; _c21 cm. |
||
| 490 | 0 | _aKey ideas | |
| 504 | _aIncludes bibliographical references and index. | ||
| 505 | 0 | _aCommunity as an idea: loss and recovery -- Community and society: myths of modernity -- Urban community: locality and belonging -- Political community: communitarianism and citizenship -- Community and difference: varieties of multiculturalism -- Communities of dissent: the idea of communication communities -- Postmodern community: community beyond unity -- Cosmopolitan community: between the local and the global -- Virtual community: belonging as communication -- Conclusion: Theorizing community today. | |
| 650 | 0 | _aCommunities. | |
| 650 | 0 | _aMulticulturalism. | |
| 650 | 0 | _aCommunity life. | |
| 650 | 0 | _aSocial action. | |
| 906 |
_a7 _bcbc _corignew _d1 _eecip _f20 _gy-gencatlg |
||
| 942 |
_2lcc _cBK _e2nd _h756 _iDEL _kHM |
||